Celebrities quiz - Statistics

General Stats
  • This quiz has been taken 26 times
    12 since last reset
  • The average score is 6 of 15
Answer Stats
Question Answer % Correct
Who sued Johnny Depp Amber Heard
100%
Who has more followers on instagram Taylor Swift
89%
What celebrity was not born in the USA Keanu Reeves
67%
What celebrity does not live the american dream Tina Turner
56%
Who has the highest grossing movie oat Tom Cruise
56%
Who won the most oscars as actress Katherine Hepburn
44%
Who has more oscar nominations Meryl Streep
44%
Who won the most Grammys Beyoncé
33%
Who has more biological children Heidi Klum
33%
What actor is German by heritage Sandra Bullock
33%
Wich celebrity has never won an oscar Helena Bonham Carter
22%
Who has released more albums Rihanna
22%
Who is the youngest Tom Hanks
22%
Who is the oldest Jared Leto
0%
Who has starred in the most Marvel movies Samuel L. Jackson
0%
No matching quizzes found
Score Distribution
Percent of People with Each Score
Percentile by Number Answered
Your Score History
You have not taken this quiz since the last reset